Sabeel ur Rasool (PBUH) (Record no. 595292)
[ view plain ]
| 000 -LEADER | |
|---|---|
| fixed length control field | 00370nam a22001337a 4500 |
| 082 ## - DEWEY DECIMAL CLASSIFICATION NUMBER | |
| Classification number | 297.124 |
| Author Mark | SAD |
| 100 ## - MAIN ENTRY--PERSONAL NAME | |
| Personal name | Hazrat Moulana Hakim Muhammad Sadiq |
| 245 ## - TITLE STATEMENT | |
| Title | Sabeel ur Rasool (PBUH) |
| Statement of responsibility, etc. | Hazrat Moulana Hakim Muhammad Sadiq |
| 260 ## - PUBLICATION, DISTRIBUTION, ETC. | |
| Place of publication, distribution, etc. | Lahore |
| Name of publisher, distributor, etc. | Noumani Kutab Khana |
| Date of publication, distribution, etc. | 2000 |
| 300 ## - PHYSICAL DESCRIPTION | |
| Extent | 328p |
| 563 ## - BINDING INFORMATION | |
| Binding note | H.B |
| 650 ## - SUBJECT ADDED ENTRY--TOPICAL TERM | |
| Topical term or geographic name entry element | Hadith |
| 942 ## - ADDED ENTRY ELEMENTS (KOHA) | |
| Source of classification or shelving scheme | |
| Koha item type | Book |
| 650 ## - SUBJECT ADDED ENTRY--TOPICAL TERM | |
| -- | 37343 |
| Withdrawn status | Lost status | Source of classification or shelving scheme | Damaged status | Not for loan | Permanent Location | Current Location | Date acquired | Source of acquisition | Full call number | Barcode | Date last seen | Price effective from | Koha item type |
|---|---|---|---|---|---|---|---|---|---|---|---|---|---|
| NUST Law School (NLS) | NUST Law School (NLS) | 07/16/2023 | Donation | 297.124 SAD | CL-D-2411 | 07/16/2023 | 07/16/2023 | Book |
